Central Library OPAC University of Rajshahi

No answer / (Record no. 23135)

MARC details
000 -LEADER
fixed length control field 00552nam a22002057a 4500
001 - CONTROL NUMBER
control field 23135
003 - CONTROL NUMBER IDENTIFIER
rucl marc code BD-RjUL
005 - DATE AND TIME OF LATEST TRANSACTION
control field 20211209000909.0
008 - FIXED-LENGTH DATA ELEMENTS--GENERAL INFORMATION
fixed length control field 140310s1961 enk||||| |||| 00| 0 eng d
035 ## - SYSTEM CONTROL NUMBER
System control number (BD-RjUL)23200
040 ## - CATALOGING SOURCE
Original cataloging agency BD-RjUL
Language of cataloging eng
Transcribing agency BD-RjUL
Modifying agency BD-RjUL
041 ## - LANGUAGE CODE
Language code of text/sound track or separate title eng
082 04 - DEWEY DECIMAL CLASSIFICATION NUMBER
Classification number 843.91409
Author mark and year PIN 1961
100 1# - MAIN ENTRY--PERSONAL NAME
Personal name Pinget, Robert
9 (RLIN) 71329
245 10 - TITLE STATEMENT
Title No answer /
Statement of responsibility, etc. by Robert Pinget
260 ## - PUBLICATION, DISTRIBUTION, ETC. (IMPRINT)
Place of publication, distribution, etc. London :
Name of publisher, distributor, etc. J. Calder,
Date of publication, distribution, etc. ©1961.
300 ## - PHYSICAL DESCRIPTION
Pagination 151p. ;
Size 20cm.
650 #0 - SUBJECT ADDED ENTRY--TOPICAL TERM
Topical term or geographic name as entry element French fiction
Chronological subdivision 20th century.
9 (RLIN) 68773
942 ## - ADDED ENTRY ELEMENTS (KOHA)
Source of classification or shelving scheme Dewey Decimal Classification
Koha item type Books
Holdings
Lost status Source of classification or shelving scheme Damaged status Not for loan Collection code Permanent Location Current Location Shelving location Date acquired Source of acquisition Cost, normal purchase price Total Checkouts Full call number Date last seen Copy number Koha item type
  Dewey Decimal Classification   Added to bundle Non-fiction Central Library, University of Rajshahi Central Library, University of Rajshahi Reading Room 14/10/1965 Black well 18.00   843.91409 PIN 1961 10/03/2014 C-1 Books